000 00514nam a2200169Ia 4500
003 GCL
008 140319s9999 xx 000 0 ara d
040 _aGCL /
_cGCL
082 0 4 _a811.074
_bا ا
100 1 _aاسماعيل ابوشقرة
245 1 0 _aاغاريد الطيور /
_cاسماعيل ابوشقرة
260 _a[S.N] :
_bشركة كاظم للنشر والترجمة والتوزيع ،
_c1985
300 _a175 ص
490 _a
650 0 4 _aالشعر الاجتماعى
942 _2ddc
_cBK
999 _c53521
_d53521